Państwa z małżeństwami tej samej płci - nagła śmierć - Statystyki

Ogólne statystyki
  • Ten quiz został rozwiązany 5 495 razy
  • Średni wynik to 6 z 19
Answers on the Grid
Answers color-coded by a green-red scale on the quiz's grid according to % correct below.
Australia
Bhutan
Botswana
Brazylia
Kanada
Chiny
Kolumbia
Kostaryka
Egipt
Estonia
Grecja
Haiti
Honduras
Indie
Irlandia
Izrael
Włochy
Japonia
Meksyk
Holandia
Nowa Zelandia
Polska
Portugalia
Arabia Saudyjska
Republika Południowej Afryki
Hiszpania
Szwajcaria
Tajwan
Tajlandia
Ukraina
Wielka Brytania
Stany Zjednoczone
 
Statystyki odpowiedzi
Odpowiedź % Poprawnych
Australia
79%
Kanada
65%
Holandia
44%
Stany Zjednoczone
44%
Wielka Brytania
43%
Hiszpania
39%
Irlandia
39%
Estonia
29%
Nowa Zelandia
29%
Szwajcaria
29%
Grecja
28%
Brazylia
27%
Portugalia
27%
Tajlandia
22%
Kolumbia
13%
Republika Południowej Afryki
12%
Tajwan
12%
Kostaryka
10%
Meksyk
9%
Nie znaleziono quizów pasujących do podanych kryteriów
Rozkład punktacji
Procent ludzi z każdym wynikiem
Percentyl według liczby udzielonych odpowiedzi
Twoja historia wyników
Nie rozwiązałeś tego quizu